|
|
|
|
| LEADER |
00717cam a2200169 7i4500 |
| 001 |
0000141241 |
| 005 |
20100427090000.0 |
| 002 |
0000006322 |
| 090 |
0 |
0 |
|a LP 15 FMSM 2 2008
|
| 100 |
0 |
# |
|a Mohd Faizal Mat Ahan
|
| 245 |
1 |
0 |
|a Distribution of phosphorus in Terengganu river estuary, Terengganu
|c Mohd Faizal Mat Ahan.
|
| 260 |
# |
# |
|a Terengganu:
|b Universiti Malaysia Terengganu,
|c 2008.
|
| 300 |
|
|
|a xiv, 92 p.:
|b ill.;
|c 30 cm..
|
| 502 |
# |
# |
|a Research Report FMSM (Degree of Bachelor of Science - Marine Science) 2008
|
| 520 |
3 |
# |
|a This study was done to determine distribution and concentration of phosphorus in Terengganu river estuary
|
| 602 |
# |
# |
|a Laporan Projek FMSM 2008
|
| 999 |
|
|
|a 1100061791
|b Book
|c LAPORAN PROJEK
|e KOLEKSI KHAS
|